| 000 | 00741na a2200253 4500 | ||
|---|---|---|---|
| 001 | 20529 | ||
| 003 | MIRAKIL | ||
| 005 | 20181213155125.0 | ||
| 008 | 170124b tu 000 0 | ||
| 020 | _a9757249106 | ||
| 040 |
_aMilas _btur _cTR-AnCHP |
||
| 041 | _atur | ||
| 082 |
_a324.63 _bT96 1995 |
||
| 090 | _a324.63 T96 1995 | ||
| 245 |
_aTürkiye için yeni bir seçim yöntemi tasarımına doğru _cTÜSİAD |
||
| 260 |
_aİstanbul _bTÜSİAD _c1995 |
||
| 300 |
_a248 s. _btbl. _c1995 |
||
| 490 |
_aTÜSİAD-T _v95-5/179 |
||
| 504 | _aKaynakça var. | ||
| 650 |
_aSeçim sistemleri _xYöntemler _zTürkiye |
||
| 651 |
_aTürkiye _xSeçim yöntemleri |
||
| 710 | _aTürk Sanayicileri ve İş Adamları Derneği | ||
| 942 |
_2ddc _cBKS |
||
| 999 |
_c7007 _d7007 |
||